[Event "Oberfranken-ch"]
[Site "Schney"]
[Date "2019.01.03"]
[Round "2"]
[White "Gorniak, Janusz"]
[Black "Orendt, Robert"]
[Result "1/2-1/2"]
[WhiteElo "1888"]
[BlackElo "1561"]
[PlyCount "68"]
[EventDate "2019.01.03"]
[EventType "swiss"]
[EventRounds "7"]
[EventCountry "GER"]
[SourceTitle "CBM 188 Extra"]
[Source "ChessBase"]
[SourceDate "2019.02.26"]
[SourceVersion "1"]
[SourceVersionDate "2019.02.26"]
[SourceQuality "1"]

1. d4 d5 2. Nf3 Nf6 3. Bg5 Ne4 4. Bh4 c6 5. c3 Qb6 6. Qb3 Qxb3 7. axb3 Bf5 8. Nbd2 Nxd2 9. Kxd2 Nd7 10. e3 e6 11. b4 Bd6 12. Bd3 Bxd3 13. Kxd3 0-0 14. Bg3 Bxg3 15. hxg3 f6 16. Ra2 e5 17. Nd2 exd4 18. cxd4 a6 19. Nb3 Rab8 20. Rc1 f5 21. Nc5 Nxc5+ 22. bxc5 g5 23. f3 Rbe8 24. f4 gxf4 25. gxf4 Rf7 26. b4 Rg7 27. Rf1 Ree7 28. Rf3 Rg6 29. Rh3 Reg7 30. Rh5 Rxg2 31. Rxg2 Rxg2 32. Rxf5 Rb2 33. Kc3 Re2 34. Re5 Kf7 1/2-1/2

[Event "Oberfranken-ch"]
[Site "Schney"]
[Date "2018.01.05"]
[Round "5"]
[White "Schwarzmann, Tobias"]
[Black "Gorniak, Janusz"]
[Result "1-0"]
[WhiteElo "1998"]
[BlackElo "1895"]
[PlyCount "51"]
[EventDate "2018.01.03"]
[EventType "swiss"]
[EventRounds "7"]
[EventCountry "GER"]
[SourceTitle "CBM 182 Extra"]
[Source "ChessBase"]
[SourceDate "2018.02.23"]
[SourceVersion "1"]
[SourceVersionDate "2018.02.23"]
[SourceQuality "1"]

1. e4 c6 2. d4 d5 3. exd5 cxd5 4. Bd3 g6 5. c3 Bg7 6. Bf4 Nh6 7. Na3 a6 8. Nc2 Nf5 9. Nf3 Nd6 10. Ne3 e6 11. Qc2 b5 12. a4 Bb7 13. axb5 Nxb5 14. h4 Nc6 15. h5 Rc8 16. Qe2 Nca7 17. Ng4 f5 18. Qxe6+ Qe7 19. Qxe7+ Kxe7 20. Nge5 Bxe5 21. Nxe5 Kf6 22. Nd7+ Kf7 23. Kd2 Nc6 24. Nc5 Nbxd4 25. cxd4 Nxd4 26. Be5 1-0

[Event "Oberfranken-ch"]
[Site "Schney"]
[Date "2018.01.04"]
[Round "3"]
[White "Gorniak, Janusz"]
[Black "Hartleb, Christopher"]
[Result "0-1"]
[WhiteElo "1895"]
[BlackElo "2014"]
[PlyCount "74"]
[EventDate "2018.01.03"]
[EventType "swiss"]
[EventRounds "7"]
[EventCountry "GER"]
[SourceTitle "CBM 182 Extra"]
[Source "ChessBase"]
[SourceDate "2018.02.23"]
[SourceVersion "1"]
[SourceVersionDate "2018.02.23"]
[SourceQuality "1"]

1. d4 Nf6 2. Bf4 d5 3. e3 e6 4. Bd3 c5 5. c3 Nc6 6. Nd2 Be7 7. Bg5 cxd4 8. exd4 e5 9. dxe5 Nxe5 10. Be2 Qb6 11. Qb3 Qe6 12. 0-0-0 0-0 13. h3 Nfd7 14. Be3 Nc5 15. Bxc5 Bxc5 16. Ndf3 Bxf2 17. Qxd5 Qxd5 18. Rxd5 Nxf3 19. Bxf3 Be6 20. Rb5 Rad8 21. Kb1 b6 22. Ne2 Bc5 23. b4 Bc4 24. bxc5 Bxb5 25. cxb6 Bxe2 26. Bxe2 axb6 27. Kc2 Rd6 28. Bc4 Rc8 29. Bb5 g6 30. Re1 Kf8 31. a4 h5 32. Kb3 Rf6 33. Re2 Rc7 34. Kb4 Rf5 35. c4 Kg7 36. a5 bxa5+ 37. Kxa5 Rxc4 0-1

[Event "Oberfranken-ch"]
[Site "Schney"]
[Date "2016.01.05"]
[Round "5"]
[White "Gorniak, Janusz"]
[Black "Geisensetter, Franz"]
[Result "1/2-1/2"]
[WhiteElo "1900"]
[BlackElo "2065"]
[PlyCount "59"]
[EventDate "2016.01.03"]
[EventType "swiss"]
[EventRounds "7"]
[EventCountry "GER"]
[SourceTitle "CBM 170 Extra"]
[Source "ChessBase"]
[SourceDate "2016.02.25"]
[SourceVersion "1"]
[SourceVersionDate "2016.02.25"]
[SourceQuality "1"]

1. d4 Nf6 2. c3 d5 3. Bg5 e6 4. e3 Be7 5. f4 Ne4 6. Bxe7 Qxe7 7. Nf3 0-0 8. Bd3 b6 9. Nbd2 Nf6 10. 0-0 Ba6 11. Bxa6 Nxa6 12. Ne5 c5 13. Ndf3 Rac8 14. Qa4 Qb7 15. a3 b5 16. Qc2 Nb8 17. Nd3 Nbd7 18. Nfe5 Ne4 19. g4 f6 20. Nxd7 Qxd7 21. Qe2 a5 22. f5 c4 23. Ne1 Rb8 24. Ng2 Rfe8 25. Rf3 Ng5 26. Rff1 Re7 27. h4 Ne4 28. Rf3 Qd6 29. Nf4 e5 30. Ne6 1/2-1/2

[Event "Oberfranken-ch"]
[Site "Schney"]
[Date "2016.01.05"]
[Round "6"]
[White "Koch, Christian1111"]
[Black "Gorniak, Janusz"]
[Result "1-0"]
[WhiteElo "1911"]
[BlackElo "1900"]
[PlyCount "59"]
[EventDate "2016.01.03"]
[EventType "swiss"]
[EventRounds "7"]
[EventCountry "GER"]
[SourceTitle "CBM 170 Extra"]
[Source "ChessBase"]
[SourceDate "2016.02.25"]
[SourceVersion "1"]
[SourceVersionDate "2016.02.25"]
[SourceQuality "1"]

1. e4 d6 2. d4 g6 3. c4 Bg7 4. Nc3 e5 5. Nf3 exd4 6. Nxd4 Ne7 7. Be3 Nbc6 8. Be2 0-0 9. 0-0 f5 10. exf5 Nxf5 11. Nxf5 Bxf5 12. Qb3 Na5 13. Qa3 b6 14. Rad1 Bd7 15. b4 Nb7 16. c5 Be5 17. f4 Bg7 18. Bf3 c6 19. cxd6 Qb8 20. Ne4 h6 21. g4 Re8 22. Qd3 Qd8 23. Bd4 Rf8 24. Bxg7 Kxg7 25. Qd4+ Kh7 26. g5 Rxf4 27. Nf6+ Rxf6 28. Qxf6 Qxf6 29. gxf6 Nd8 30. Rfe1 1-0

[Event "Oberfranken-ch"]
[Site "Schney"]
[Date "2016.01.04"]
[Round "3"]
[White "Gorniak, Janusz"]
[Black "Schulz, Horst"]
[Result "1-0"]
[WhiteElo "1900"]
[BlackElo "1716"]
[PlyCount "119"]
[EventDate "2016.01.03"]
[EventType "swiss"]
[EventRounds "7"]
[EventCountry "GER"]
[SourceTitle "CBM 170 Extra"]
[Source "ChessBase"]
[SourceDate "2016.02.25"]
[SourceVersion "1"]
[SourceVersionDate "2016.02.25"]
[SourceQuality "1"]

1. e4 d5 2. exd5 Nf6 3. Nf3 Nxd5 4. d4 c6 5. c4 Nf6 6. Nc3 e6 7. Bd3 Be7 8. 0-0 0-0 9. Bc2 Nbd7 10. h3 b6 11. Qe2 Bb7 12. Bf4 Re8 13. Rad1 Qc8 14. Rd2 a6 15. Rfd1 g6 16. Bb3 Bf8 17. Ne5 Bg7 18. Qe3 b5 19. g4 Nb6 20. g5 Nfd7 21. Qe2 Nxe5 22. Bxe5 Qd8 23. Ne4 h5 24. f4 bxc4 25. Bxc4 Nd5 26. Bxd5 Qxd5 27. Bxg7 Kxg7 28. Nf6 Qf5 29. Nxe8+ Rxe8 30. Qe5+ Kg8 31. Kh2 Ba8 32. Re2 c5 33. Qxf5 gxf5 34. dxc5 Bf3 35. Red2 Bxd1 36. Rxd1 Rc8 37. b4 Rb8 38. Rd4 h4 39. c6 Rc8 40. Rc4 Kf8 41. a4 Ke7 42. b5 axb5 43. axb5 Kd6 44. Kg2 Kd5 45. Rb4 Kc5 46. Rb2 Kb6 47. Kf2 Rd8 48. Ke3 Kc7 49. Rd2 Ra8 50. Rd7+ Kb6 51. Rb7+ Kc5 52. c7 Ra3+ 53. Kd2 Rxh3 54. c8Q+ Kd4 55. Rd7+ Ke4 56. Qc4+ Kf3 57. Qf1+ Kg4 58. Rd3 Rh2+ 59. Kc3 Ra2 60. Qf3# 1-0

[Event "Oberfranken-ch"]
[Site "Schney"]
[Date "2016.01.03"]
[Round "2"]
[White "Moenius, Alexander"]
[Black "Gorniak, Janusz"]
[Result "1/2-1/2"]
[WhiteElo "1855"]
[BlackElo "1900"]
[PlyCount "114"]
[EventDate "2016.01.03"]
[EventType "swiss"]
[EventRounds "7"]
[EventCountry "GER"]
[SourceTitle "CBM 170 Extra"]
[Source "ChessBase"]
[SourceDate "2016.02.25"]
[SourceVersion "1"]
[SourceVersionDate "2016.02.25"]
[SourceQuality "1"]

1. Nf3 b6 2. d4 Nf6 3. d5 Bb7 4. c4 g6 5. Nc3 Bg7 6. e4 d6 7. Be2 0-0 8. 0-0 Nbd7 9. h3 Nc5 10. Qc2 e5 11. Nh2 Qe8 12. b4 Na6 13. Rb1 Nd7 14. Be3 f5 15. f3 Bc8 16. Rfc1 Qe7 17. Qa4 Nab8 18. Bd3 f4 19. Bf2 a6 20. Nb5 Nf6 21. c5 dxc5 22. bxc5 Bb7 23. Na3 b5 24. Qb3 Kh8 25. c6 Bc8 26. Nc2 Ne8 27. Nb4 Nd6 28. Nc2 Qg5 29. Kh1 Rd8 30. Ra1 a5 31. Bxb5 Nxb5 32. Qxb5 Bf8 33. Rg1 Bd6 34. Rab1 Qe7 35. Qa4 Bc5 36. Bxc5 Qxc5 37. Ng4 Bxg4 38. fxg4 Qc3 39. Qb3 Qd2 40. Rgd1 Qe2 41. Re1 Qf2 42. Qc3 Re8 43. Rf1 Qg3 44. Qxg3 fxg3 45. Rf3 a4 46. Rxg3 Na6 47. Rf3 Reb8 48. Rxb8+ Rxb8 49. Rc3 Kg7 50. a3 Kf6 51. Rc4 Ke7 52. Rxa4 Nc5 53. Rc4 Kd6 54. Kg1 Rb2 55. Nb4 Rb3 56. Nc2 Rb2 57. Ne3 Re2 1/2-1/2

[Event "Oberfranken-ch"]
[Site "Lichtenfels"]
[Date "2014.01.03"]
[Round "2"]
[White "Guether, Jens"]
[Black "Gorniak, Janusz"]
[Result "1-0"]
[WhiteElo "2019"]
[BlackElo "1916"]
[PlyCount "109"]
[EventDate "2014.01.03"]
[EventType "swiss"]
[EventRounds "7"]
[EventCountry "GER"]
[SourceTitle "EXT 2019"]
[Source "ChessBase"]
[SourceDate "2018.10.10"]
[SourceVersion "1"]
[SourceVersionDate "2018.10.10"]
[SourceQuality "1"]

1. e4 c5 2. Nf3 a6 3. d4 cxd4 4. Nxd4 e5 5. Nf3 Nf6 6. Bc4 h6 7. 0-0 Nc6 8. Nc3 d6 9. h3 Be6 10. Bxe6 fxe6 11. Be3 b5 12. a3 Qc7 13. Qe2 d5 14. exd5 exd5 15. Rad1 Rd8 16. Bf4 Bd6 17. Nxd5 Nxd5 18. Rxd5 0-0 19. Bg3 Ne7 20. Rd2 Ng6 21. Rfd1 Qe7 22. Qe4 Nf4 23. Bxf4 Rxf4 24. Qc6 e4 25. Rxd6 Rxd6 26. Qxd6 Qxd6 27. Rxd6 exf3 28. Rxa6 b4 29. axb4 Rxb4 30. b3 fxg2 31. Kxg2 Rd4 32. c4 Rd3 33. Rb6 Rc3 34. f3 Kh7 35. Rb5 Rc2+ 36. Kg3 Rc3 37. c5 Kg6 38. b4 h5 39. Rb6+ Kf5 40. c6 g5 41. Rb5+ Kg6 42. Rc5 Rb3 43. Rc2 g4 44. hxg4 hxg4 45. Kxg4 Rxb4+ 46. f4 Rb8 47. c7 Rc8 48. Rc6+ Kg7 49. Kf5 Kf7 50. Ke5 Ke7 51. f5 Kd7 52. Kd5 Ke7 53. Rc3 Kd7 54. f6 Ke8 55. Ke6 1-0

[Event "Oberfranken-ch"]
[Site "Lichtenfels"]
[Date "2012.01.05"]
[Round "6.17"]
[White "Reitzler, Stefan"]
[Black "Gorniak, Janusz"]
[Result "0-1"]
[WhiteElo "1926"]
[BlackElo "1914"]
[PlyCount "70"]
[EventDate "2012.01.03"]
[EventType "swiss"]
[EventRounds "7"]
[EventCountry "GER"]
[SourceTitle "EXT 2019"]
[Source "ChessBase"]
[SourceDate "2018.10.10"]
[SourceVersion "1"]
[SourceVersionDate "2018.10.10"]
[SourceQuality "1"]

1. e4 e5 2. Nf3 Nc6 3. Bc4 d6 4. d4 exd4 5. Nxd4 Nf6 6. Nc3 Be7 7. 0-0 0-0 8. a4 Ne5 9. Bb3 c5 10. Nde2 Be6 11. Nf4 Bxb3 12. cxb3 Nc6 13. Nfd5 Nxd5 14. Nxd5 Bf6 15. Rb1 a5 16. Be3 Bd4 17. Bxd4 Nxd4 18. Qd3 f5 19. exf5 Rxf5 20. Ne3 Rf8 21. Nc2 Nxc2 22. Qxc2 Rc8 23. Rbd1 d5 24. Rd3 d4 25. Rh3 g6 26. Qc4+ Kh8 27. Qd3 Rc6 28. Rd1 Qe7 29. Rf3 Re8 30. h3 Re6 31. Rd2 Kg7 32. Qc4 Re1+ 33. Kh2 Qe5+ 34. g3 Qe6 35. Qxc5 Rh1+ 0-1

[Event "Regionalliga NW 1011"]
[Site "Bayern"]
[Date "2011.02.06"]
[Round "6.3"]
[White "Gorniak, Janusz"]
[Black "Chalus, Karel"]
[Result "1-0"]
[WhiteElo "1879"]
[BlackElo "2066"]
[PlyCount "151"]
[EventDate "2010.10.10"]
[EventType "team-tourn"]
[EventRounds "9"]
[EventCountry "GER"]
[SourceTitle "EXT 2012"]
[Source "ChessBase"]
[SourceDate "2011.11.24"]
[SourceVersion "1"]
[SourceVersionDate "2011.11.24"]
[SourceQuality "1"]
[WhiteTeam "Hoechstadt/Aisch"]
[BlackTeam "Kirchenlaibach"]
[WhiteTeamCountry "GER"]
[BlackTeamCountry "GER"]

1. d4 d5 2. Bf4 Nf6 3. Nf3 c5 4. e3 Nc6 5. c3 Qb6 6. Qc1 Bf5 7. Be2 cxd4 8. exd4 Rc8 9. Nbd2 Nh5 10. Be3 Nb4 11. 0-0 Nc2 12. Nh4 Nxe3 13. fxe3 Bg6 14. a4 Nf6 15. Bb5+ Nd7 16. Ndf3 f6 17. Nxg6 hxg6 18. Qb1 Rh6 19. e4 dxe4 20. Qxe4 a6 21. Bxd7+ Kxd7 22. Qd5+ Kc7 23. a5 Qd6 24. Qxd6+ Kxd6 25. g4 g5 26. Kg2 e6 27. Nd2 Kd7 28. Rae1 Bd6 29. h3 Rch8 30. Rf3 f5 31. gxf5 exf5 32. Rxf5 Rxh3 33. Nf1 g4 34. Rg5 g3 35. Rxg7+ Kc6 36. Nxg3 Rh2+ 37. Kf3 Rxb2 38. Re3 Rf8+ 39. Ke4 Re8+ 40. Kd3 Rxe3+ 41. Kxe3 Ra2 42. Ne4 Bc7 43. d5+ Kxd5 44. Rxc7 Ra4 45. Nd2 Rxa5 46. Rxb7 Kc6 47. Rb3 Rd5 48. Ra3 Kb6 49. Nb3 Rh5 50. Kd3 Rh3+ 51. Kc4 Rh5 52. Nd4 Rc5+ 53. Kb3 Rh5 54. Ra4 a5 55. Rc4 Rh1 56. Rc6+ Kb7 57. Kb2 Rh4 58. Rg6 Rh1 59. Nb3 Rh5 60. Ka3 Re5 61. Rg4 Kb6 62. c4 Re3 63. Ka4 Re2 64. Rg6+ Kc7 65. Nxa5 Rb2 66. c5 Rb1 67. Rg7+ Kc8 68. Nb3 Rb2 69. Kb4 Rb1 70. Kc4 Rb2 71. Nd4 Rh2 72. Nf5 Rh1 73. Kd5 Rd1+ 74. Kc6 Rd8 75. Ne7+ Kb8 76. Rg8 1-0

[Event "Oberfranken-ch M 0910"]
[Site "Schney"]
[Date "2010.01.04"]
[Round "4"]
[White "Gorniak, Janusz"]
[Black "Boss, Igor"]
[Result "0-1"]
[WhiteElo "1940"]
[BlackElo "2128"]
[PlyCount "88"]
[EventDate "2010.01.03"]
[EventType "swiss"]
[EventRounds "7"]
[EventCountry "GER"]
[SourceTitle "EXT 2015"]
[Source "ChessBase"]
[SourceDate "2014.11.20"]
[SourceVersion "1"]
[SourceVersionDate "2014.11.20"]
[SourceQuality "1"]

1. d4 Nf6 2. c3 b6 3. Bf4 Bb7 4. Nd2 d6 5. e3 Nbd7 6. Ngf3 g6 7. Bd3 Bg7 8. 0-0 0-0 9. Rc1 a5 10. Bb1 Qe8 11. h3 e5 12. dxe5 dxe5 13. Bh2 e4 14. Nd4 Ne5 15. Qb3 Qe7 16. Rfd1 Rfe8 17. a4 Rac8 18. Nc4 Ned7 19. Nb5 Nd5 20. Qa3 Qe6 21. Ba2 Bf8 22. Qb3 Nc5 23. Qc2 Nd3 24. Ra1 Kh8 25. Nd4 Qe7 26. Nd2 f5 27. Bc4 Ne5 28. Bxd5 Bxd5 29. Bxe5+ Qxe5 30. Nf1 Bc4 31. Ne2 Bd3 32. Qd2 Rcd8 33. Qe1 c5 34. Nf4 c4 35. Ne2 Bd6 36. g3 Bc5 37. Nd4 Bxd4 38. cxd4 Qf6 39. Qc3 g5 40. Nd2 f4 41. exf4 gxf4 42. Nxc4 fxg3 43. Rf1 gxf2+ 44. Rxf2 Rg8+ 0-1

[Event "Seebach op 19th"]
[Site "Grossenseebach"]
[Date "2008.05.22"]
[Round "2"]
[White "Gorniak, Janusz"]
[Black "Stitterich, Nadine"]
[Result "1/2-1/2"]
[WhiteElo "1936"]
[BlackElo "1842"]
[PlyCount "111"]
[EventDate "2008.05.25"]
[EventType "swiss"]
[EventRounds "7"]
[EventCountry "GER"]
[SourceTitle "EXT 2018"]
[Source "ChessBase"]
[SourceDate "2017.10.13"]
[SourceVersion "1"]
[SourceVersionDate "2017.10.13"]
[SourceQuality "1"]

1. d4 Nf6 2. Nf3 g6 3. Bg5 Bg7 4. e3 0-0 5. Bd3 d6 6. Nbd2 Nc6 7. c3 e5 8. 0-0 Qe8 9. e4 Nh5 10. dxe5 dxe5 11. Bb5 Be6 12. Qc2 f5 13. Be3 Qe7 14. Nb3 Rfd8 15. Bg5 Bf6 16. Bxf6 Qxf6 17. Nc5 a6 18. Bxc6 bxc6 19. Nxe6 Qxe6 20. exf5 gxf5 21. Rfe1 e4 22. Nd4 Qg6 23. Re3 Kh8 24. Kh1 Rg8 25. Rg1 Rae8 26. Rh3 Nf4 27. Rg3 Qf6 28. Rxg8+ Rxg8 29. g3 Nh3 30. Rf1 c5 31. Ne2 Qc6 32. c4 Ng5 33. Qc3+ Rg7 34. Qe3 Nf3 35. Nf4 Qh6 36. h3 Rg5 37. Qxc5 Qf6 38. Qb4 h5 39. Rd1 h4 40. gxh4 Rg8 41. Qc3 Qxc3 42. bxc3 Nxh4 43. Rd7 Nf3 44. Rd1 Rb8 45. Nd5 Rb2 46. Kg2 Rxa2 47. Kg3 Rc2 48. Ne3 Rxc3 49. Rd8+ Kh7 50. Rd7+ Kg6 51. Rxc7 Ne5 52. Rc5 f4+ 53. Kg2 fxe3 54. Rxe5 exf2 55. Rxe4 Kf5 56. Re2 1/2-1/2

[Event "Oberfranken-ch Q 0607"]
[Site "Schney"]
[Date "2007.01.04"]
[Round "6"]
[White "Fischer, Andreas2222"]
[Black "Gorniak, Janusz"]
[Result "0-1"]
[WhiteElo "1753"]
[BlackElo "1862"]
[PlyCount "78"]
[EventDate "2007.01.02"]
[EventType "swiss"]
[EventRounds "6"]
[EventCountry "GER"]
[SourceTitle "EXT 2015"]
[Source "ChessBase"]
[SourceDate "2014.11.20"]
[SourceVersion "1"]
[SourceVersionDate "2014.11.20"]
[SourceQuality "1"]

1. Nf3 b6 2. d4 Ba6 3. e4 Bxf1 4. Kxf1 g6 5. c4 Bg7 6. Nc3 c6 7. g3 Na6 8. Kg2 Nc7 9. Bf4 Nf6 10. e5 Ng8 11. d5 cxd5 12. cxd5 d6 13. exd6 exd6 14. Re1+ Kf8 15. Nd4 Bh6 16. Qd2 Bxf4 17. Qxf4 Kg7 18. Ndb5 Nxb5 19. Nxb5 Qf6 20. Nxd6 Qxf4 21. gxf4 Nf6 22. f5 Rhd8 23. Nb5 Nxd5 24. fxg6 hxg6 25. Rad1 a6 26. Nd4 Rd6 27. Rd2 Nf4+ 28. Kf3 Rf6 29. Kg4 Rc8 30. Re4 Nh5 31. f3 Rc5 32. b4 Rc1 33. Ne2 Rb1 34. Red4 Rf1 35. R4d3 Rf2 36. h4 Rh2 37. Rd4 Kh6 38. Re4 Rd6 39. Rxd6 f5# 0-1

[Event "Oberfranken-ch Q 0607"]
[Site "Schney"]
[Date "2007.01.02"]
[Round "2"]
[White "Schnetter, Bernd"]
[Black "Gorniak, Janusz"]
[Result "1/2-1/2"]
[WhiteElo "1606"]
[BlackElo "1862"]
[PlyCount "124"]
[EventDate "2007.01.02"]
[EventType "swiss"]
[EventRounds "6"]
[EventCountry "GER"]
[SourceTitle "EXT 2015"]
[Source "ChessBase"]
[SourceDate "2014.11.20"]
[SourceVersion "1"]
[SourceVersionDate "2014.11.20"]
[SourceQuality "1"]

1. d4 Nf6 2. c4 d6 3. Nc3 c6 4. e4 Nbd7 5. Nf3 b6 6. Bd3 e5 7. 0-0 Be7 8. d5 c5 9. h3 0-0 10. Bg5 Nxd5 11. Bxe7 Nxe7 12. Bc2 Nf6 13. Nb5 Ng6 14. Nxd6 Be6 15. b3 Qc7 16. Nb5 Qb7 17. Re1 h6 18. Qe2 a6 19. Nc3 Nh7 20. Rad1 Rad8 21. Qe3 Rc8 22. Na4 Rfe8 23. Rd6 Rc6 24. Red1 Rec8 25. Rd8+ Nhf8 26. R1d6 Rxd8 27. Rxd8 Qc7 28. Rd2 b5 29. cxb5 axb5 30. Nc3 Qa5 31. a4 bxa4 32. bxa4 Bc4 33. Nd5 f6 34. h4 Kf7 35. g3 Ne6 36. Bb3 Nd4 37. Bxc4 Nxf3+ 38. Qxf3 Qxd2 39. Nf4+ Ke8 40. Nxg6 Qc1+ 41. Bf1 Rb6 42. Kg2 Rb1 43. Bb5+ Kf7 44. Nxe5+ Ke7 45. Nc6+ Kf8 46. Kh3 c4 47. e5 Qh1+ 48. Qxh1 Rxh1+ 49. Kg2 c3 50. Nb4 Rb1 51. Nc2 Rb2 52. Bd3 fxe5 53. Kf3 Ke7 54. Ke4 Kd6 55. f4 exf4 56. gxf4 Ra2 57. Bc4 Rxa4 58. Kd4 Ra8 59. f5 Rf8 60. Bd3 Rc8 61. Bc4 Rc5 62. Bd3 Rd5+ 1/2-1/2

[Event "Oberfranken-ch Q 0506"]
[Site "Schney"]
[Date "2006.01.02"]
[Round "1"]
[White "Kuhlemann, Claus"]
[Black "Gorniak, Janusz"]
[Result "1-0"]
[WhiteElo "1650"]
[BlackElo "1897"]
[PlyCount "110"]
[EventDate "2006.01.02"]
[EventType "swiss"]
[EventRounds "6"]
[EventCountry "GER"]
[SourceTitle "EXT 2015"]
[Source "ChessBase"]
[SourceDate "2014.11.20"]
[SourceVersion "1"]
[SourceVersionDate "2014.11.20"]
[SourceQuality "1"]

1. d4 Nf6 2. c4 d5 3. Nc3 c6 4. Nf3 Bf5 5. e3 e6 6. c5 Nbd7 7. Be2 Qc7 8. Nh4 Bg6 9. Nxg6 hxg6 10. f4 Be7 11. Bf3 Nh7 12. e4 dxe4 13. Nxe4 Rd8 14. Qe2 Ndf6 15. Be3 Nd5 16. 0-0 Nhf6 17. g3 Nxe4 18. Bxe4 Bf6 19. Bf2 Qe7 20. Rfd1 Nc7 21. Rd2 Nd5 22. Rad1 Kf8 23. Qc4 Qc7 24. b4 Ke7 25. a4 a6 26. b5 axb5 27. axb5 cxb5 28. Qb3 Qd7 29. Bxd5 Qxd5 30. Qxd5 Rxd5 31. Rb1 Rhd8 32. Rb4 Rxc5 33. dxc5 Rxd2 34. Rxb5 Rb2 35. Ra5 Kd7 36. Ra8 Bd8 37. Kg2 Rb5 38. Ra2 Be7 39. Ra8 Bxc5 40. Bxc5 Rxc5 41. Rg8 Ke7 42. Kf3 b5 43. g4 Rc3+ 44. Ke4 f5+ 45. Kd4 Rc4+ 46. Ke3 fxg4 47. Rxg7+ Kf6 48. Rb7 b4 49. Rb8 g5 50. fxg5+ Kxg5 51. Rg8+ Kf5 52. Rf8+ Ke5 53. Rg8 b3 54. Rg5+ Kf6 55. Rb5 Rf4 1-0

[Event "Regionalliga NW 0506"]
[Site "Bayern"]
[Date "2005.10.23"]
[Round "1.2"]
[White "Gorniak, Janusz"]
[Black "Saring, Christoph"]
[Result "1/2-1/2"]
[WhiteElo "1897"]
[BlackElo "2023"]
[PlyCount "61"]
[EventDate "2005.10.23"]
[EventType "team-tourn"]
[EventRounds "9"]
[EventCountry "GER"]
[SourceTitle "EXT 2007"]
[Source "ChessBase"]
[SourceDate "2006.11.23"]
[SourceVersion "1"]
[SourceVersionDate "2006.11.23"]
[SourceQuality "1"]

1. d4 e6 2. e3 f5 3. Bd3 Nf6 4. Nd2 Be7 5. f4 c5 6. c3 Nc6 7. Ngf3 0-0 8. 0-0 d5 9. Ne5 Ne4 10. Ndf3 Bd7 11. Bd2 Be8 12. Be1 Bh5 13. Qa4 Nxe5 14. dxe5 a6 15. Qc2 b5 16. a4 Qb6 17. a5 Qa7 18. Bf2 Rac8 19. h3 Rc7 20. Nh2 c4 21. Bxe4 fxe4 22. g4 Bg6 23. Rfd1 Bc5 24. Qe2 Rb7 25. Nf1 b4 26. Ng3 bxc3 27. bxc3 Rb3 28. Rdc1 Qc7 29. Qd2 Rfb8 30. Ra2 R8b5 31. Ne2 1/2-1/2